Bibliografia bàsica sobre diversitat i ciutadania
ISBN:
978-84-9803-219-2
Descripción Física:
207 p. : il. ; 30 cm
Materias:
Emigració i immigració -- Bibliografia
MARC
| LEADER | 00000nam a2200000Ia 4500 | ||
|---|---|---|---|
| 001 | 19420 | ||
| 008 | 160829s2007 xx 000 0 cat d | ||
| 020 | |a 978-84-9803-219-2 | ||
| 080 | |a M-5-435 | ||
| 245 | |a Bibliografia bàsica sobre diversitat i ciutadania | ||
| 260 | |a Barcelona : |b Diputació de Barcelona, |c 2007 | ||
| 300 | |a 207 p. : |b il. ; |c 30 cm | ||
| 490 | |a Documents de Treball. Igualtat i Ciutadania ; 6 | ||
| 650 | |a Emigració i immigració |x Bibliografia |9 40061 | ||
| 710 | 1 | |a Barcelona (Catalunya : Província). |b Diputació |9 52408 | |
| 901 | |a Arxiu | ||
| 942 | |n 1 | ||
| 952 | |0 0 |1 0 |4 0 |6 M5435 |7 1 |9 49394 |a Arxiu |b Arxiu |d 2016-12-01 |l 0 |o M-5-435 |p 19420 |r 2016-12-01 00:00:00 |w 2016-12-01 |y ARXIU | ||
| 999 | |c 53236 |d 53236 | ||